| 000 | 00505nam a2200205Ia 4500 | ||
|---|---|---|---|
| 008 | 170918s9999 xx 000 0 und d | ||
| 020 | _a9780545073868 | ||
| 050 | _bS897 2008 | ||
| 100 | _aStrasser, Todd | ||
| 245 | _aNighttime : | ||
| 245 | _btoo afraid to scream / | ||
| 245 | _cby Todd Strasser ; illustrated by Doug Cushman. | ||
| 260 | _aNew York : | ||
| 260 | _bScholastic, | ||
| 260 | _c2008 | ||
| 300 | _a80 pages : | ||
| 300 | _billustrations ; | ||
| 300 | _c19cm. | ||
| 500 | _a480 | ||
| 999 |
_c344175 _d344175 |
||